[Event "DEM U16w 2005"]
[Site "Willingen GER"]
[Date "2005.05.15"]
[Round "1"]
[White "Nuber, Helene"]
[Black "Vollak, Marleen"]
[Result "1-0"]
[Termination "normal"]
[Board "1"]
[WhiteElo "2045"]
[BlackElo "1701"]
[PlyCount "57"]
[WhiteFideId "24613045"]
[BlackFideId "24624233"]
[EventCountry "GER"]
[EventRounds "9"]
[EventType "swiss"]
[EventDate "2005.05.15"]

1. e4 c5 2. d3 Nc6 3. Nc3 e6 4. g3 g6 5. Bg2 Bg7 6. Be3 d6 7. f4 Nge7 8. Nf3
O-O 9. O-O b6 10. Rb1 Bb7 11. Nh4 Qd7 12. f5 exf5 13. exf5 Bd4 14. Bxd4 Nxd4
15. Bxb7 Qxb7 16. f6 Nd5 17. Qd2 Nxc3 18. bxc3 Ne6 19. Rbe1 Rad8 20. Qh6 Rd7
21. Re4 Qd5 22. Nf5 g5 23. Rg4 Kh8 24. Rxg5 Rg8 25. Rg7 Rxg7 26. fxg7+ Kg8 27.
Qf6 h5 28. Nh6+ Kh7 29. g8=Q# 1-0

[Event "DEM U16w 2005"]
[Site "Willingen GER"]
[Date "2005.05.15"]
[Round "1"]
[White "Gasch, Franziska"]
[Black "Ohme, Melanie"]
[Result "0-1"]
[Termination "normal"]
[Board "2"]
[WhiteElo "1651"]
[BlackElo "2041"]
[PlyCount "88"]
[WhiteFideId "24632139"]
[BlackFideId "4690745"]
[EventCountry "GER"]
[EventRounds "9"]
[EventType "swiss"]
[EventDate "2005.05.15"]

1. e4 c5 2. Nc3 Nc6 3. g3 g6 4. Bg2 Bg7 5. d3 d6 6. f4 e6 7. Nf3 Nge7 8. O-O
O-O 9. Be3 Rb8 10. d4 cxd4 11. Nxd4 Qb6 12. Nf5 Qxb2 13. Nxe7+ Nxe7 14. Bxa7
Ra8 15. Bd4 Bxd4+ 16. Qxd4 Ra3 17. Nb5 Qxb5 18. Qxd6 Rc3 19. Qxe7 Rxc2 20. Rfc1
Rd2 21. Rd1 Qb6+ 22. Kh1 Qd4 23. Rg1 Bd7 24. Qa3 Bc6 25. Rae1 Rd8 26. Qb3 Ra8
27. a3 Rd3 28. Qb4 Qd7 29. Ra1 Ra4 30. Qe1 Raxa3 31. Rxa3 Rxa3 32. Qe2 Rd3 33.
Qb2 Rd4 34. Qc2 b5 35. Rc1 Bb7 36. h3 Rc4 37. Qd1 Qc7 38. Rxc4 bxc4 39. Qc2 c3
40. Bf1 f5 41. Bg2 Bxe4 42. Bxe4 fxe4 43. Qxe4 c2 44. Qxe6+ Kg7 0-1

[Event "DEM U16w 2005"]
[Site "Willingen GER"]
[Date "2005.05.15"]
[Round "1"]
[White "Mader, Manuela"]
[Black "Dittrich, Jacqueline"]
[Result "1-0"]
[Termination "normal"]
[Board "3"]
[WhiteElo "2002"]
[BlackElo "1648"]
[PlyCount "47"]
[WhiteFideId "24612928"]
[BlackFideId "24666270"]
[EventCountry "GER"]
[EventRounds "9"]
[EventType "swiss"]
[EventDate "2005.05.15"]

1. e4 e6 2. d4 d5 3. e5 c5 4. c3 Nc6 5. Nf3 Bd7 6. Be2 f6 7. exf6 gxf6 8. Nh4
Qb6 9. Bh5+ Kd8 10. dxc5 Bxc5 11. O-O Nge7 12. g3 Kc7 13. b4 Bd6 14. a4 Nxb4
15. cxb4 Qxb4 16. Ba3 Qb6 17. Qe2 Rac8 18. a5 Qb3 19. Nd2 Qb5 20. Rfc1+ Kd8 21.
Qxb5 Bxb5 22. Bxd6 Kd7 23. Bc5 a6 24. Nhf3 1-0

[Event "DEM U16w 2005"]
[Site "Willingen GER"]
[Date "2005.05.15"]
[Round "1"]
[White "Laake, Jasmin"]
[Black "Czygan, Dana"]
[Result "1-0"]
[Termination "normal"]
[Board "5"]
[WhiteElo "1941"]
[BlackElo "1603"]
[PlyCount "157"]
[WhiteFideId "4699939"]
[EventCountry "GER"]
[EventRounds "9"]
[EventType "swiss"]
[EventDate "2005.05.15"]

1. e4 c5 2. Nf3 d6 3. d4 cxd4 4. Nxd4 Nf6 5. Nc3 a6 6. Be3 e5 7. Nb3 Be6 8. f3
Be7 9. g4 O-O 10. Qd2 Nbd7 11. g5 Nh5 12. O-O-O b5 13. Kb1 b4 14. Nd5 Bxd5 15.
exd5 a5 16. Bh3 Nb6 17. Qg2 Nc4 18. Bc1 a4 19. Na1 Qa5 20. Qg4 Na3+ 21. bxa3
bxa3 22. Bd2 Rfb8+ 23. Nb3 Qc5 24. Qe4 axb3 25. cxb3 Qf2 26. Qe3 Qh4 27. Bd7
Nf4 28. Bc6 Ra6 29. Qd4 Qf2 30. Qc4 Rab6 31. Qc3 Ne2 32. Qd3 Nf4 33. Qc3 Ne2
34. Qd3 Nf4 35. Qe3 Qxe3 36. Bxe3 Rb4 37. h4 Ne2 38. Rd3 Ng3 39. Rh3 Nf5 40.
Bf2 Rf4 41. Bd7 g6 42. Bxf5 Rxf5 43. Be3 f6 44. Rg3 fxg5 45. hxg5 Rb4 46. Bc1
Rd4 47. Kc2 Rh4 48. Bxa3 Rh2+ 49. Rd2 Rxd2+ 50. Kxd2 Bxg5+ 51. Kd3 Be7 52. Bc1
Rf8 53. Bd2 Ra8 54. a4 Bd8 55. Bb4 Bc7 56. Rg1 Kf7 57. Rc1 Ra7 58. Ra1 Ke7 59.
Kc4 Ra8 60. a5 Bb8 61. Bd2 Ba7 62. b4 Kd7 63. Kb5 Bd4 64. Rc1 Rf8 65. Rf1 e4
66. Kc4 Ba7 67. Rh1 exf3 68. Rxh7+ Ke8 69. Rh1 f2 70. Rf1 Rf3 71. b5 Kd7 72. b6
Bb8 73. a6 Kc8 74. Kb5 Rb3+ 75. Bb4 Rb2 76. Rc1+ Kd7 77. a7 Rc2 78. axb8=Q Rxc1
79. Qxd6+ 1-0

[Event "DEM U16w 2005"]
[Site "Willingen GER"]
[Date "2005.05.15"]
[Round "1"]
[White "Popovic, Nathalie"]
[Black "Zikeli, Saskia"]
[Result "0-1"]
[Termination "normal"]
[Board "6"]
[WhiteElo "1591"]
[BlackElo "1935"]
[PlyCount "72"]
[WhiteFideId "24630292"]
[BlackFideId "24601543"]
[EventCountry "GER"]
[EventRounds "9"]
[EventType "swiss"]
[EventDate "2005.05.15"]

1. d4 Nf6 2. c4 e6 3. Nc3 Bb4 4. Bg5 h6 5. Bh4 b6 6. a3 Bxc3+ 7. bxc3 Bb7 8. e3
d6 9. Nf3 Nbd7 10. Be2 Qe7 11. O-O g5 12. Bg3 Ne4 13. Qc2 f5 14. Nd2 h5 15.
Nxe4 Bxe4 16. Bd3 Bxd3 17. Qxd3 h4 18. Bxd6 Qxd6 19. d5 Nc5 20. Qd4 e5 21. Qd1
O-O-O 22. Qc2 e4 23. f3 h3 24. fxe4 fxe4 25. Rf5 g4 26. g3 Rhf8 27. Raf1 Nd3
28. a4 Rxf5 29. Rxf5 Rf8 30. Rxf8+ Qxf8 31. Qe2 Qa3 32. Qxg4+ Kb7 33. Qxh3 Qc1+
34. Qf1 Qxe3+ 35. Kg2 Qd2+ 36. Kg1 e3 0-1

[Event "DEM U16w 2005"]
[Site "Willingen GER"]
[Date "2005.05.15"]
[Round "1"]
[White "Benzen, Marthe"]
[Black "Mucha, Annegret"]
[Result "0-1"]
[Termination "normal"]
[Board "8"]
[BlackTitle "CM"]
[WhiteElo "1547"]
[BlackElo "1884"]
[PlyCount "84"]
[WhiteFideId "24647764"]
[BlackFideId "24622788"]
[EventCountry "GER"]
[EventRounds "9"]
[EventType "swiss"]
[EventDate "2005.05.15"]

1. e4 c5 2. Nf3 d6 3. d4 cxd4 4. Nxd4 Nf6 5. Nc3 a6 6. f3 e6 7. Bc4 Be7 8. a4
O-O 9. Nb3 Qc7 10. Qd3 Nc6 11. f4 Nb4 12. Qe2 Nxc2+ 13. Qxc2 Qxc4 14. Nd2 Qc6
15. O-O d5 16. e5 Ng4 17. Nf3 Bc5+ 18. Kh1 Rd8 19. Ng5 g6 20. Qe2 Nh6 21. Rd1
Nf5 22. Nce4 Nd4 23. Nf6+ Kg7 24. Qd3 h6 25. Nh3 Nf5 26. Bd2 b6 27. Rdc1 Qb7
28. Ng1 Bd7 29. Nf3 a5 30. g4 Ne7 31. h4 d4 32. h5 Bc6 33. Kg2 Nd5 34. hxg6
fxg6 35. g5 h5 36. Kg3 Ne3 37. Nh4 Nf5+ 38. Nxf5+ exf5 39. Re1 h4+ 40. Kxh4
Rh8+ 41. Kg3 Bg2 42. Qe2 Rh3+ 0-1

[Event "DEM U16w 2005"]
[Site "Willingen GER"]
[Date "2005.05.15"]
[Round "1"]
[White "Albano Jeremias, Bianca"]
[Black "Nekrassova, Ekatherina"]
[Result "1-0"]
[Termination "normal"]
[Board "9"]
[WhiteElo "1854"]
[BlackElo "1538"]
[PlyCount "35"]
[WhiteFideId "24634247"]
[EventCountry "GER"]
[EventRounds "9"]
[EventType "swiss"]
[EventDate "2005.05.15"]

1. e4 c5 2. Nf3 e6 3. d4 cxd4 4. Nxd4 a6 5. Nc3 Qc7 6. Bd3 Nf6 7. Be3 Bb4 8.
O-O Bxc3 9. bxc3 Qxc3 10. Nb3 Qc6 11. e5 Nd5 12. Qg4 Nxe3 13. fxe3 O-O 14. Rf3
g6 15. Qh4 Kg7 16. Rh3 h5 17. Qf6+ Kg8 18. Bxg6 1-0

[Event "DEM U16w 2005"]
[Site "Willingen GER"]
[Date "2005.05.15"]
[Round "1"]
[White "Dobrusina, Anna"]
[Black "Tovmasian, Nelli"]
[Result "0-1"]
[Termination "normal"]
[Board "10"]
[WhiteElo "1528"]
[BlackElo "1832"]
[PlyCount "64"]
[BlackFideId "24611735"]
[EventCountry "GER"]
[EventRounds "9"]
[EventType "swiss"]
[EventDate "2005.05.15"]

1. e4 g6 2. d4 Bg7 3. Nf3 d6 4. Nc3 Nf6 5. Bg5 O-O 6. e5 dxe5 7. dxe5 Ng4 8.
Bc4 Nxe5 9. Nxe5 Bxe5 10. O-O Nc6 11. Qxd8 Rxd8 12. f4 Bd4+ 13. Kh1 Bf5 14. Bb3
a6 15. Rfe1 Rd7 16. Rad1 Bg4 17. Rd3 Rad8 18. h3 Bf5 19. Rf3 Bf6 20. g4 Bxg5
21. gxf5 Nd4 22. Rff1 Bh4 23. fxg6 hxg6 24. Re4 Nf5 25. Rg1 Ng3+ 26. Rxg3 Bxg3
27. Re3 Bxf4 28. Rf3 e5 29. Ne4 Kg7 30. h4 Rh8 31. Rh3 Rd4 32. Nf2 Bd2 0-1

[Event "DEM U16w 2005"]
[Site "Willingen GER"]
[Date "2005.05.15"]
[Round "1"]
[White "Erben, Larissa"]
[Black "Ley, Janine"]
[Result "1-0"]
[Termination "normal"]
[Board "11"]
[WhiteElo "1758"]
[BlackElo "1466"]
[PlyCount "63"]
[WhiteFideId "24634590"]
[BlackFideId "24671274"]
[EventCountry "GER"]
[EventRounds "9"]
[EventType "swiss"]
[EventDate "2005.05.15"]

1. e4 d6 2. d4 Nf6 3. Nc3 g6 4. f4 e6 5. Nf3 Bg7 6. Bd3 Nc6 7. h3 Nd7 8. e5
dxe5 9. dxe5 Nb4 10. Bc4 Nb6 11. Qxd8+ Kxd8 12. Bb3 h6 13. Be3 N6d5 14. O-O-O
c6 15. Nxd5 exd5 16. a3 Na6 17. c4 Nc7 18. cxd5 cxd5 19. Bxd5 Nxd5 20. Rxd5+
Ke8 21. Rhd1 Be6 22. Rc5 b6 23. Rc7 Rc8 24. Rxc8+ Bxc8 25. Nd4 Bd7 26. Ne2 Ke7
27. Nc3 Rc8 28. Kb1 h5 29. Bf2 Bf5+ 30. Ka1 Bf8 31. Nb5 a6 32. Bh4+ 1-0

[Event "DEM U16w 2005"]
[Site "Willingen GER"]
[Date "2005.05.15"]
[Round "1"]
[White "Muratow, Katerina"]
[Black "Zemella, Jennifer"]
[Result "0-1"]
[Termination "normal"]
[Board "12"]
[WhiteElo "1464"]
[BlackElo "1757"]
[PlyCount "118"]
[BlackFideId "24636096"]
[EventCountry "GER"]
[EventRounds "9"]
[EventType "swiss"]
[EventDate "2005.05.15"]

1. e4 c5 2. Nf3 d6 3. d4 cxd4 4. Qxd4 Nc6 5. Bb5 Bd7 6. Bxc6 Bxc6 7. O-O Nf6 8.
Nc3 e6 9. Re1 Be7 10. b3 O-O 11. Ba3 Qc7 12. Rad1 Rfd8 13. h3 a6 14. Qb4 b5 15.
e5 a5 16. Qd4 Bxf3 17. Nxb5 Qc6 18. gxf3 dxe5 19. Qxe5 Bxa3 20. Nxa3 Rxd1 21.
Rxd1 Qxf3 22. Rd3 Qb7 23. Qxa5 Qc8 24. Qb4 Nd5 25. Qc4 Qxc4 26. Nxc4 Rxa2 27.
Ne3 g6 28. Nxd5 exd5 29. c3 Ra3 30. b4 d4 31. Rxd4 Rxc3 32. Kg2 Rb3 33. Rd8+
Kg7 34. Rd4 h6 35. f3 g5 36. h4 Kg6 37. hxg5 hxg5 38. Kg3 f6 39. Kf2 Kf5 40.
Re4 Kg6 41. Rd4 Kf7 42. Re4 f5 43. Re5 Kf6 44. Rb5 f4 45. Rb6+ Kf5 46. Rb5+ Kg6
47. Rb6+ Kh5 48. b5 Rb2+ 49. Kg1 Kh4 50. Rb8 Kg3 51. Kf1 Kxf3 52. Ke1 g4 53. b6
g3 54. Rc8 Rxb6 55. Rc3+ Kg4 56. Kf1 f3 57. Rc1 Rh6 58. Rc4+ Kf5 59. Kg1 g2 0-1

[Event "DEM U16w 2005"]
[Site "Willingen GER"]
[Date "2005.05.15"]
[Round "1"]
[White "Jehle, Anja"]
[Black "Winter, Hannah"]
[Result "1-0"]
[Termination "normal"]
[Board "13"]
[WhiteElo "1721"]
[BlackElo "1386"]
[PlyCount "33"]
[WhiteFideId "24631434"]
[EventCountry "GER"]
[EventRounds "9"]
[EventType "swiss"]
[EventDate "2005.05.15"]

1. d4 d5 2. c4 Nf6 3. cxd5 Nxd5 4. e4 Nb6 5. h3 e6 6. Nf3 Bb4+ 7. Nc3 O-O 8. a3
Bxc3+ 9. bxc3 Re8 10. Bd3 Nc6 11. e5 Ne7 12. Ng5 g6 13. Qf3 Rf8 14. Ne4 f5 15.
exf6 Ned5 16. Bg5 Rf7 17. c4 1-0

[Event "DEM U16w 2005"]
[Site "Willingen GER"]
[Date "2005.05.15"]
[Round "2"]
[White "Mucha, Annegret"]
[Black "Nuber, Helene"]
[Result "0-1"]
[Termination "normal"]
[Board "1"]
[WhiteTitle "CM"]
[WhiteElo "1884"]
[BlackElo "2045"]
[PlyCount "70"]
[WhiteFideId "24622788"]
[BlackFideId "24613045"]
[EventCountry "GER"]
[EventRounds "9"]
[EventType "swiss"]
[EventDate "2005.05.15"]

1. d4 d5 2. e3 Nf6 3. Bd3 c5 4. c3 Nc6 5. f4 Bg4 6. Nf3 e6 7. O-O Qd6 8. Qe1
Be7 9. Nbd2 Qc7 10. Ne5 Bf5 11. Bxf5 exf5 12. Qg3 g6 13. Qh3 Nxe5 14. fxe5 Ng4
15. Qf3 O-O-O 16. h3 Nh6 17. b3 Rhf8 18. Bb2 f6 19. exf6 Bxf6 20. Rac1 Kb8 21.
c4 Qg7 22. Qf4+ Ka8 23. Rfd1 g5 24. Qf2 g4 25. h4 g3 26. Qf4 Ng4 27. Nf3 Rfe8
28. Qxg3 Rxe3 29. Ba1 cxd4 30. cxd5 Be5 31. Qh3 Rg8 32. Bxd4 Bxd4 33. Rxd4 Rxf3
34. Qxf3 Qxd4+ 35. Kf1 Nh2+ 0-1

[Event "DEM U16w 2005"]
[Site "Willingen GER"]
[Date "2005.05.15"]
[Round "2"]
[White "Ohme, Melanie"]
[Black "Albano Jeremias, Bianca"]
[Result "1-0"]
[Termination "normal"]
[Board "2"]
[WhiteElo "2041"]
[BlackElo "1854"]
[PlyCount "137"]
[WhiteFideId "4690745"]
[BlackFideId "24634247"]
[EventCountry "GER"]
[EventRounds "9"]
[EventType "swiss"]
[EventDate "2005.05.15"]

1. e4 e6 2. d4 d5 3. e5 c5 4. c3 Nc6 5. Be3 Qb6 6. Qd2 Bd7 7. Nf3 Nh6 8. Bd3
cxd4 9. cxd4 Nb4 10. Be2 Bb5 11. O-O Bxe2 12. Qxe2 Nf5 13. Nc3 Be7 14. g4 Nxe3
15. fxe3 Nc6 16. Rac1 O-O 17. Kh1 f6 18. exf6 Rxf6 19. Na4 Qa5 20. b3 Raf8 21.
Nc5 Bxc5 22. Rxc5 Qc7 23. Nd2 Rxf1+ 24. Nxf1 Qf7 25. Kg2 e5 26. dxe5 Nxe5 27.
Ng3 Qg6 28. Rxd5 Nxg4 29. Kg1 Nf2 30. Rh5 Qb1+ 31. Kg2 Nd3 32. Rf5 Rc8 33. Kh3
Qc2 34. Qf1 Qd2 35. Qf3 Rb8 36. Qd5+ Kh8 37. Qf7 h6 38. Qe7 Nf2+ 39. Kh4 Nd3
40. h3 a6 41. Rf7 Qb4+ 42. Qxb4 Nxb4 43. Nf5 Rg8 44. Rxb7 Nxa2 45. Rb6 a5 46.
Ra6 Nc1 47. Rb6 Nd3 48. Rb5 Nc1 49. e4 Re8 50. Nd6 Re6 51. e5 Nd3 52. Nc4 Kh7
53. Rxa5 g5+ 54. Kg3 Rc6 55. Rd5 Nc5 56. Na5 Rc8 57. b4 Ne6 58. Rd6 Rc3+ 59.
Kg4 Nf4 60. h4 Nh3 61. Rd7+ Kg8 62. hxg5 Nxg5 63. Kf5 Re3 64. Nc6 Kf8 65. b5
Ke8 66. Re7+ Kf8 67. b6 Nf7 68. b7 Rc3 69. Rxf7+ 1-0

[Event "DEM U16w 2005"]
[Site "Willingen GER"]
[Date "2005.05.15"]
[Round "2"]
[White "Tovmasian, Nelli"]
[Black "Mader, Manuela"]
[Result "0-1"]
[Termination "normal"]
[Board "3"]
[WhiteElo "1832"]
[BlackElo "2002"]
[PlyCount "76"]
[WhiteFideId "24611735"]
[BlackFideId "24612928"]
[EventCountry "GER"]
[EventRounds "9"]
[EventType "swiss"]
[EventDate "2005.05.15"]

1. Nf3 d5 2. c4 Nf6 3. cxd5 Nxd5 4. Nc3 e6 5. g3 Be7 6. Bg2 O-O 7. O-O c5 8. d3
Nc6 9. Bd2 b6 10. a3 Bb7 11. Rb1 Rc8 12. Qa4 a6 13. Rfc1 b5 14. Qd1 Ba8 15. Rc2
Nf6 16. Na2 Qb6 17. Rbc1 b4 18. axb4 cxb4 19. Be3 Qa5 20. b3 Nd5 21. Nd4 Na7
22. Nf5 exf5 23. Bxa7 Rxc2 24. Qxc2 h6 25. d4 f4 26. Qd2 fxg3 27. hxg3 Nb6 28.
Bxa8 Rxa8 29. Bxb6 Qxb6 30. Rc4 a5 31. d5 Rd8 32. e4 Qb5 33. Kg2 a4 34. Nxb4
axb3 35. Nc6 Qxc4 36. Nxe7+ Kf8 37. Nf5 Qxe4+ 38. f3 Qc2 0-1

[Event "DEM U16w 2005"]
[Site "Willingen GER"]
[Date "2005.05.15"]
[Round "2"]
[White "Fuchs, Judith"]
[Black "Erben, Larissa"]
[Result "1-0"]
[Termination "normal"]
[Board "4"]
[WhiteElo "1952"]
[BlackElo "1758"]
[PlyCount "55"]
[WhiteFideId "24605611"]
[BlackFideId "24634590"]
[EventCountry "GER"]
[EventRounds "9"]
[EventType "swiss"]
[EventDate "2005.05.15"]

1. e4 c5 2. Nc3 Nc6 3. Bb5 e6 4. Bxc6 dxc6 5. d3 e5 6. Nge2 f6 7. Be3 Be6 8.
O-O Qd7 9. a4 g5 10. a5 Qc7 11. b3 h5 12. Na4 b6 13. axb6 axb6 14. Nxc5 Rxa1
15. Nxe6 Rxd1 16. Nxc7+ Kd7 17. Rxd1 Kxc7 18. Ra1 c5 19. Ra7+ Kc6 20. Nc3 Ne7
21. g3 Nc8 22. Rf7 Be7 23. Nd5 Bd6 24. Rxf6 g4 25. Rh6 Rxh6 26. Bxh6 Be7 27.
Bd2 Bd8 28. h3 1-0

[Event "DEM U16w 2005"]
[Site "Willingen GER"]
[Date "2005.05.15"]
[Round "2"]
[White "Zemella, Jennifer"]
[Black "Laake, Jasmin"]
[Result "1/2-1/2"]
[Termination "normal"]
[Board "5"]
[WhiteElo "1757"]
[BlackElo "1941"]
[PlyCount "111"]
[WhiteFideId "24636096"]
[BlackFideId "4699939"]
[EventCountry "GER"]
[EventRounds "9"]
[EventType "swiss"]
[EventDate "2005.05.15"]

1. e4 c5 2. d4 cxd4 3. c3 dxc3 4. Nxc3 Nc6 5. Bc4 e6 6. Nf3 Qc7 7. Qe2 d6 8.
O-O Nf6 9. Rd1 a6 10. a3 Ng4 11. Bf4 Be7 12. Rac1 O-O 13. h3 Nge5 14. Nxe5 dxe5
15. Be3 b5 16. Bb3 Qb7 17. Qg4 Bd7 18. Bh6 Bf6 19. Rd3 Kh8 20. Bg5 Bxg5 21.
Qxg5 Rad8 22. Ne2 h6 23. Qh4 Qb6 24. g4 f6 25. Qg3 Nd4 26. Nxd4 exd4 27. h4 Rc8
28. Rcd1 e5 29. g5 Be6 30. Bxe6 Qxe6 31. Kh2 fxg5 32. hxg5 Rc2 33. R3d2 Rxd2
34. Rxd2 Rf4 35. Rxd4 exd4 36. Qxf4 d3 37. Kg2 hxg5 38. Qe3 Qg4+ 39. Kf1 Qd1+
40. Qe1 Qc2 41. Qc3 Qe2+ 42. Kg1 Qxe4 43. Qd2 Qd5 44. Qd1 g6 45. Qd2 Kg7 46.
Qc3+ Kf7 47. Qc7+ Kf6 48. Qc3+ Kf5 49. Qc8+ Kf4 50. Qc7+ Qe5 51. Qf7+ Kg4 52.
Qd7+ Qf5 53. Qd4+ Kh5 54. Qh8+ Kg4 55. Qd4+ Qf4 56. Qd7+ 1/2-1/2

[Event "DEM U16w 2005"]
[Site "Willingen GER"]
[Date "2005.05.15"]
[Round "2"]
[White "Zikeli, Saskia"]
[Black "Jehle, Anja"]
[Result "1/2-1/2"]
[Termination "normal"]
[Board "6"]
[WhiteElo "1935"]
[BlackElo "1721"]
[PlyCount "71"]
[WhiteFideId "24601543"]
[BlackFideId "24631434"]
[EventCountry "GER"]
[EventRounds "9"]
[EventType "swiss"]
[EventDate "2005.05.15"]

1. e4 c5 2. Nf3 d6 3. d4 cxd4 4. Nxd4 Nf6 5. Nc3 e6 6. f4 a6 7. Qf3 Qc7 8. Be3
Be7 9. O-O-O Nbd7 10. g4 O-O 11. g5 Ne8 12. h4 b5 13. h5 Nc5 14. Bd3 b4 15.
Nce2 a5 16. g6 Nxd3+ 17. Rxd3 h6 18. gxf7+ Rxf7 19. Ng3 a4 20. Kb1 e5 21. Ndf5
Ba6 22. Rd2 b3 23. Nxe7+ Qxe7 24. cxb3 axb3 25. a3 Bb7 26. f5 Bc6 27. Re1 Qb7
28. Bf2 Rc8 29. Rd3 Ba4 30. Rc3 Rxc3 31. Qxc3 Rc7 32. Qe3 Nf6 33. Qd3 Qc6 34.
Be3 Qc2+ 35. Qxc2 Rxc2 36. Rd1 1/2-1/2

[Event "DEM U16w 2005"]
[Site "Willingen GER"]
[Date "2005.05.15"]
[Round "2"]
[White "Opaska, Ines"]
[Black "Gasch, Franziska"]
[Result "0-1"]
[Termination "normal"]
[Board "7"]
[WhiteElo "1575"]
[BlackElo "1651"]
[PlyCount "80"]
[BlackFideId "24632139"]
[EventCountry "GER"]
[EventRounds "9"]
[EventType "swiss"]
[EventDate "2005.05.15"]

1. f4 g6 2. Nf3 Bg7 3. g3 Nf6 4. Bg2 O-O 5. O-O c5 6. d3 d5 7. Qe1 Nc6 8. a4
Rb8 9. e4 dxe4 10. dxe4 Nd4 11. Nxd4 Qxd4+ 12. Qe3 Ng4 13. Qxd4 Bxd4+ 14. Kh1
Nf2+ 15. Kg1 Nxe4+ 16. Kh1 Nf2+ 17. Kg1 Nd3+ 18. Kh1 Nxc1 19. c3 Be3 20. Re1
Nb3 21. Ra3 Nd2 22. Ra1 Nxb1 23. Raxb1 Bd2 24. Re2 Rd8 25. h3 Be6 26. Rd1 Bxc3
27. Rxd8+ Rxd8 28. bxc3 Rd3 29. g4 Rxc3 30. Kh2 Ra3 31. Bxb7 Rxa4 32. f5 gxf5
33. gxf5 Ra2 34. Rxa2 Bxa2 35. Kg2 a5 36. Kf2 a4 37. Ke2 a3 38. Kd2 Bb1 39. Kc1
a2 40. Kb2 c4 0-1

[Event "DEM U16w 2005"]
[Site "Willingen GER"]
[Date "2005.05.15"]
[Round "2"]
[White "Nekrassova, Ekatherina"]
[Black "Völschow, Toni"]
[Result "1-0"]
[Termination "normal"]
[Board "8"]
[WhiteElo "1538"]
[BlackElo "1925"]
[PlyCount "61"]
[BlackFideId "24622591"]
[EventCountry "GER"]
[EventRounds "9"]
[EventType "swiss"]
[EventDate "2005.05.15"]

1. d4 d5 2. e3 Nf6 3. Bd3 e6 4. f4 c5 5. c3 Nc6 6. Nf3 Bd6 7. O-O Bd7 8. Ne5
cxd4 9. exd4 Qc7 10. Nd2 Rc8 11. Qe1 O-O 12. Qh4 Ne7 13. g4 Ng6 14. Bxg6 fxg6
15. Rf3 Be8 16. Rh3 Be7 17. Nf1 h6 18. g5 Nh5 19. Qg4 Qd6 20. gxh6 Nf6 21. Qg2
Kh7 22. hxg7+ Kxg7 23. f5 Rh8 24. Rxh8 Kxh8 25. Qh3+ Kg8 26. fxg6 Bf8 27. Bg5
Bg7 28. Bh6 Rc7 29. Ng3 Qe7 30. Bg5 Qd6 31. Rf1 1-0

[Event "DEM U16w 2005"]
[Site "Willingen GER"]
[Date "2005.05.15"]
[Round "2"]
[White "Vollak, Marleen"]
[Black "Benzen, Marthe"]
[Result "1-0"]
[Termination "normal"]
[Board "9"]
[WhiteElo "1701"]
[BlackElo "1547"]
[PlyCount "95"]
[WhiteFideId "24624233"]
[BlackFideId "24647764"]
[EventCountry "GER"]
[EventRounds "9"]
[EventType "swiss"]
[EventDate "2005.05.15"]

1. e4 e5 2. Bc4 Nf6 3. d3 Bc5 4. Nf3 d6 5. c3 Be6 6. Bb5+ c6 7. Ba4 Nbd7 8.
Nbd2 Qb6 9. Qe2 Qa6 10. Bc2 O-O 11. O-O Rfe8 12. Nb3 Bg4 13. Nxc5 Nxc5 14. Re1
d5 15. h3 dxe4 16. dxe4 Qxe2 17. Rxe2 Bxf3 18. gxf3 Rad8 19. Rd2 Nh5 20. Rxd8
Rxd8 21. Be3 Ne6 22. Rd1 Rxd1+ 23. Bxd1 a6 24. b4 Nhf4 25. Kh2 Ng5 26. h4 Nge6
27. a4 Kf8 28. Bb3 Ng6 29. Kg3 Ke7 30. Bc4 b5 31. axb5 axb5 32. Bf1 h6 33. Kg4
Nef4 34. h5 Nf8 35. Bxf4 exf4 36. Kxf4 Nd7 37. Kf5 Nf6 38. f4 Nxh5 39. e5 g6+
40. Kg4 Ng7 41. Bg2 Kd7 42. Be4 Ne6 43. f5 Ng5 44. fxg6 fxg6 45. Bxg6 Ke6 46.
f4 Kd5 47. fxg5 hxg5 48. Be4+ 1-0

[Event "DEM U16w 2005"]
[Site "Willingen GER"]
[Date "2005.05.15"]
[Round "2"]
[White "Dittrich, Jacqueline"]
[Black "Dobrusina, Anna"]
[Result "1-0"]
[Termination "normal"]
[Board "10"]
[WhiteElo "1648"]
[BlackElo "1528"]
[PlyCount "199"]
[WhiteFideId "24666270"]
[EventCountry "GER"]
[EventRounds "9"]
[EventType "swiss"]
[EventDate "2005.05.15"]

1. Nc3 c5 2. e4 Nc6 3. Nf3 g6 4. Bc4 Bg7 5. O-O e5 6. d3 Nge7 7. Be3 d6 8. h3
O-O 9. Bg5 Kh8 10. Bxe7 Nxe7 11. Qd2 f5 12. Kh2 f4 13. Ne2 h6 14. c3 g5 15. d4
g4 16. Nfg1 h5 17. dxc5 dxc5 18. Rad1 Qb6 19. Qd6 Qxd6 20. Rxd6 h4 21. hxg4
Bxg4 22. f3 Bh5 23. Rfd1 Ng8 24. Nh3 Bf6 25. Rd7 Rad8 26. Nf2 Rxd7 27. Rxd7 Rb8
28. Bd5 Bg7 29. Rxb7 Rxb7 30. Bxb7 Nf6 31. Kh3 Bf7 32. b3 Ne8 33. Kxh4 Be6 34.
Ng4 Kh7 35. c4 Nf6 36. Bd5 Bd7 37. Bb7 Nxg4 38. fxg4 Bf6+ 39. Kh3 Kh6 40. Ng1
a5 41. Nf3 Kg7 42. g3 fxg3 43. Kxg3 Kf8 44. Ne1 Ke7 45. Nd3 Kd6 46. Bd5 a4 47.
bxa4 Bxa4 48. Nb2 Bc2 49. a4 Kc7 50. Kf3 Bg5 51. Ke2 Bc1 52. Nd3 Bxd3+ 53. Kxd3
Kb6 54. Ke2 Ka5 55. Bc6 Bg5 56. Kf3 Kb6 57. Bb5 Ka5 58. Ke2 Bf4 59. g5 Bxg5 60.
Kf3 Kb4 61. Kg4 Bd8 62. Kf5 Bc7 63. Ke6 Kc3 64. Kd5 Kd3 65. a5 Bxa5 66. Kxe5
Bc7+ 67. Kd5 Ke3 68. e5 Kf4 69. e6 Bd8 70. Kd6 Kf5 71. e7 Bxe7+ 72. Kxe7 Ke5
73. Kd7 Ke4 74. Kd6 Kd4 75. Ba6 Ke4 76. Kxc5 Ke5 77. Kc6 Ke6 78. c5 Ke7 79. Kc7
Ke8 80. c6 Ke7 81. Kb7 Kd6 82. c7 Kd5 83. c8=R Kd4 84. Kb6 Kd5 85. Bb7+ Kd4 86.
Kb5 Ke5 87. Rd8 Ke6 88. Rd5 Ke7 89. Kc6 Ke6 90. Bc8+ Kf6 91. Kd6 Kf7 92. Re5
Kf6 93. Re1 Kf7 94. Ba6 Kf8 95. Re7 Kg8 96. Ke6 Kf8 97. Ra7 Kg8 98. Kf6 Kh8 99.
Kg6 Kg8 100. Ra8# 1-0

[Event "DEM U16w 2005"]
[Site "Willingen GER"]
[Date "2005.05.15"]
[Round "2"]
[White "Ley, Janine"]
[Black "Hofmann, Christine"]
[Result "0-1"]
[Termination "normal"]
[Board "11"]
[WhiteElo "1466"]
[BlackElo "1620"]
[PlyCount "84"]
[WhiteFideId "24671274"]
[EventCountry "GER"]
[EventRounds "9"]
[EventType "swiss"]
[EventDate "2005.05.15"]

1. c4 Nf6 2. Nc3 e6 3. d4 d5 4. e3 Be7 5. Bd2 c6 6. cxd5 exd5 7. Bd3 O-O 8.
Nge2 Nbd7 9. O-O b6 10. b3 Bb7 11. Rc1 Rc8 12. Ng3 c5 13. Nf5 a6 14. f3 Re8 15.
Nxe7+ Rxe7 16. Re1 Qe8 17. Re2 Nf8 18. Qe1 Ne6 19. Qf2 Rec7 20. Ree1 Qd8 21.
Ne2 Qd6 22. Bc3 c4 23. bxc4 dxc4 24. Bb1 Nd5 25. Ng3 Nxc3 26. Rxc3 b5 27. a3 a5
28. Qc2 g6 29. Ba2 b4 30. axb4 axb4 31. Rxc4 Rxc4 32. Bxc4 Qc7 33. Rc1 Bd5 34.
Bd3 Qxc2 35. Rxc2 Rxc2 36. Bxc2 b3 37. Bb1 Nc7 38. Ne2 Nb5 39. Kf2 Bc4 40. Nc1
Nc3 41. Nxb3 Nxb1 42. e4 Bxb3 0-1